Sports Quiz

Random Sports or NFL Quiz

(American) Football Families Quiz Stats

 Plays Quiz not verified by Sporcle

Also try: Gimme Five: NFL
Challenge
Share
Tweet
Embed
Score 0/36 Timer 06:00
0 Plays Today
% Correct
Barber
95.8%
Manning
95.1%
Ryan
94.4%
Matthews
92.4%
Sharpe
92.4%
Long
89.6%
Palmer
89.6%
Harbaugh
87.5%
Phillips
87.5%
Simms
87.5%
Winslow
86.8%
Griese
82.6%
Shula
81.3%
Vick
81.3%
Pouncey
79.2%
Salaam
78.5%
Gbaja-Biamila
77.8%
Gronkowski
76.4%
% Correct
Sharper
75.7%
Petrino
69.4%
Hochuli
68.1%
Bowden
66%
Colquitt
66%
Metcalf
66%
Westbrook
65.3%
Jenkins
64.6%
Stoops
59%
Geathers
36.8%
Turk
35.4%
Hannah
34%
Donelli
25.7%
Farr
25.7%
Young
25%
McMillan
19.4%
Sauer
19.4%
Cline
13.9%

You're not logged in!

Compare scores with friends on all Sporcle quizzes.
Join for Free
OR
Log In

You Might Also Like...

Show Comments

Extras

Top Quizzes Today


Score Distribution

Your Account Isn't Verified!

In order to create a playlist on Sporcle, you need to verify the email address you used during registration. Go to your Sporcle Settings to finish the process.

Report this User

Report this user for behavior that violates our Community Guidelines.

Details: